| 000 | 00614nam a2200277Ia 4500 | ||
|---|---|---|---|
| 005 | 20260401122334.0 | ||
| 008 | 008 250103s9999 xx 000 0 eng d | ||
| 020 | _a801883792 | ||
| 037 | _aTB | ||
| 040 | _aEDL | ||
| 040 | _beng | ||
| 040 | _cEDL | ||
| 041 | _2eng | ||
| 041 | _aeng | ||
| 084 | _a809 SAU | ||
| 084 | _qEDL | ||
| 245 | 0 | _aComparative Literature in an Age of Globalization | |
| 260 | _aBaltimore | ||
| 260 | _bJohns Hopkins University Press | ||
| 260 | _c2006 | ||
| 300 | _a261p | ||
| 942 | _cTB | ||
| 942 | _h809 SAU | ||
| 999 |
_c1846623 _d1846623 |
||